000 00410nam a2200181Ia 4500
001 25197
005 20260414151134.0
008 260414t2007||||xx |||||||||||||| ||spa||
041 _aESP
082 _a346.13
_bR35
100 _aReniec
_eAUT
245 0 _aEl registro de estado civil
_b
260 _c2007
300 _a207 páginas :
_c\N
650 _aDER
654 _aCDE
942 _cLIB
_dJUS
_fJUS
_2ddc
_n
999 _c25197
_d25197